Elementary first aid (Model Course 1.13) (Record no. 211)

000 -LEADER
fixed length control field 00490 a2200157 4500
008 - FIXED-LENGTH DATA ELEMENTS--GENERAL INFORMATION
fixed length control field 220330b ||||| |||| 00| 0 eng d
020 ## - INTERNATIONAL STANDARD BOOK NUMBER
International Standard Book Number 9789280161175
082 00 - DEWEY DECIMAL CLASSIFICATION NUMBER
Classification number 616.0252
Item number I339
110 ## - MAIN ENTRY--CORPORATE NAME
9 (RLIN) 76
Corporate name or jurisdiction name as entry element International Maritime Organization
245 ## - TITLE STATEMENT
Title Elementary first aid (Model Course 1.13)
260 ## - PUBLICATION, DISTRIBUTION, ETC. (IMPRINT)
Place of publication, distribution, etc London:
Name of publisher, distributor, etc International Maritime Organization,
Date of publication, distribution, etc 2000.
300 ## - PHYSICAL DESCRIPTION
Extent v, 60 p.
490 0# - SERIES STATEMENT
Series statement Model Course;
Volume number/sequential designation 1.13, Course and Compendium
650 #0 - SUBJECT ADDED ENTRY--TOPICAL TERM
Topical term or geographic name as entry element Merchant Marine
942 ## - ADDED ENTRY ELEMENTS (KOHA)
Source of classification or shelving scheme
Item type Books
Holdings
Withdrawn status Lost status Source of classification or shelving scheme Damaged status Not for loan Permanent location Current location Date acquired Source of acquisition Cost, normal purchase price Total Checkouts Full call number Barcode Date last seen Date last borrowed Cost, replacement price Koha item type
          IMU Kolkata IMU Kolkata 2019-09-16 Sterling Book House 978.31 1 616.98024 I339 13154 2023-02-27 2022-09-15 1087.01 Books
Designed and Maintained by IMU-KC Library, Kolkata Campus © Copyright All Rights Reserved

webs counters

Powered by Koha